| 000 | 00762nam a2200253Ia 4500 | ||
|---|---|---|---|
| 003 | OSt | ||
| 005 | 20220927111149.0 | ||
| 006 | a|||||r|||| 00| 0 | ||
| 007 | ta | ||
| 008 | 220926b |||||||| |||| 00| 0 eng d | ||
| 024 | _a103358 | ||
| 037 | _cReports | ||
| 040 |
_aRTL _cRTL _beng |
||
| 041 |
_2eng _aeng |
||
| 082 | _a"z.235.N85t, M5.2" | ||
| 110 |
_a"Maharashtra, Planning (Deptt.of-)" _9371564 |
||
| 245 | 0 | _a"Seventh five year plan, 1985-90 and annual plan 1985- 86 part 1" | |
| 260 |
_aBombay _bGovt. Press India _c1985 |
||
| 300 |
_a303p.;419p. _ccm. |
||
| 650 | _aGeneralia | ||
| 700 |
_a"Maharashtra, Planning (Deptt.of-)" _9371565 |
||
| 942 |
_h"z.235.N85t, M5.2" _cCC |
||
| 999 |
_c698766 _d698766 |
||